V Congreso Internacional de Arroces : celebrado en Valencia del 16 al 24 de mayo de 1914 celebrado en Valencia del 16 al 24 de mayo de 1914
Descripción Física:
494 p. : il. ; 25 cm
Materias:
Arròs -- Conreu -- Congressos
MARC
| LEADER | 00000nam a2200000Ia 4500 | ||
|---|---|---|---|
| 001 | 14442 | ||
| 008 | 160829s9999 xx 000 0 cat d | ||
| 080 | |a C-2-259 | ||
| 100 | |a Congreso Internacional de Arroces (5è : 1914, 16-24 maig : València) |9 22359 | ||
| 245 | |a V Congreso Internacional de Arroces : |b celebrado en Valencia del 16 al 24 de mayo de 1914 | ||
| 260 | |a Valencia : |b Tip. Moderna, [1919?] | ||
| 300 | |a 494 p. : |b il. ; |c 25 cm | ||
| 650 | |a Arròs |x Conreu |x Congressos |9 22360 | ||
| 901 | |a Arxiu | ||
| 942 | |n 1 | ||
| 952 | |0 0 |1 0 |4 0 |6 C2259 |7 1 |9 42185 |a Arxiu |b Arxiu |d 2016-12-01 |l 0 |o C-2-259 |p 14442 |r 2016-12-01 00:00:00 |w 2016-12-01 |y ARXIU | ||
| 999 | |c 44632 |d 44632 | ||